Ευκλείδειος γεωμετρία : Β' λυκείου
Αποθηκεύτηκε σε:
| Κύριος συγγραφέας: | |
|---|---|
| Μορφή: | Βιβλίο |
| Γλώσσα: | Greek |
| Δημοσίευση: |
Αθήνα :
Ο.Ε.Δ.Β.,
1983
|
| Θέματα: | |
| Ετικέτες: |
Προσθήκη ετικέτας
Δεν υπάρχουν, Καταχωρήστε ετικέτα πρώτοι!
|
MARC
| LEADER | 00000cam a2200000 a 4500 | ||
|---|---|---|---|
| 001 | 1/107446 | ||
| 008 | 150715s1983####gr | ||| |||| ||gre|| | ||
| 040 | |a GR-MyUa |b gre |c GR-MyUa |e AACR2 | ||
| 041 | 0 | |a gre | |
| 082 | 7 | |a 516.2 |2 (23) | |
| 100 | 1 | |a Παπανικολάου, Χρήστος Γ. | |
| 245 | 1 | 0 | |a Ευκλείδειος γεωμετρία : |b Β' λυκείου / |c Χρ. Γ. Παπανικολάου. |
| 260 | |a Αθήνα : |b Ο.Ε.Δ.Β., |c 1983 | ||
| 300 | |a 108 σ. : |b σχέδια ; |c 23 εκ. | ||
| 650 | 0 | |a Geometry. | |
| 852 | |a INST |b SAMOS |c MAG |e 20150715 |h 512 ΠΑΠ |p 005300035161 |q 005300035161 |t BK |y 0 | ||
| 970 | |a Σιτζίμη |b Γιασεμή |z 15/07/2015 | ||